Les 20 départements les plus au nord - Difficile - Statistiques

Statistiques générales
  • Ce quiz a été pris 87 fois
  • Le résultat moyen est 12 sur 20
Statistiques - réponses
Département Coordonnées % Correct
Nord 51° 04′ 18″ Nord
100%
Pas-de-Calais 50° 58′ 43″ Nord
100%
Somme 50° 20′ 58″ Nord
99%
Ardennes 50° 08′ 20″ Nord
92%
Seine-Maritime 50° 02′ 53″ Nord
83%
Aisne 50° 02′ 33″ Nord
75%
Oise 49° 42′ 24″ Nord
65%
Meuse 49° 35′ 03″ Nord
59%
Moselle 49° 29′ 41″ Nord
59%
Manche 49° 42′ 43″ Nord
57%
Meurthe-et-Moselle 49° 32′ 28″ Nord
57%
Eure 49° 28′ 22″ Nord
52%
Calvados 49° 23′ 39″ Nord
51%
Marne 49° 23′ 14″ Nord
51%
Val-d'Oise 49° 12′ 00″ Nord
51%
Seine-et-Marne 49° 05′ 23″ Nord
43%
Seine-Saint-Denis 48° 57′ 00″ Nord
36%
Yvelines 49° 04′ 38″ Nord
36%
Bas-Rhin 49° 02′ 18″ Nord
35%
Orne 48° 56′ 27″ Nord
25%
Aucun quiz correspondant
Distribution des résultats
% des personnes avec chaque résultat
Percentile par nombre de réponses
Votre historique - résultats
Vous n’avez pas pris ce quiz